Maquinaria para el procesamiento de cosechas
Saved in:
| Hovedforfatter: | |
|---|---|
| Format: | Bog |
| Sprog: | spansk |
| Udgivet: |
San José
IICA
1986
|
| Serier: | Libros y Materiales Educativos, 77
|
| Fag: | |
| Tags: |
Tilføj Tag
Ingen Tags, Vær først til at tagge denne postø!
|
MARC
| LEADER | 00000nam a2200000 a 4500 | ||
|---|---|---|---|
| 001 | UCR3066 | ||
| 003 | CL-VaPUC | ||
| 008 | 980123e19860000CR |||||||||||||||||spa|d | ||
| 082 | 0 | 4 | |a 631.3 |b GHO |2 21 |
| 100 | 0 | |a Ghosh, Biswa Nath |e author |9 401850 | |
| 245 | 1 | 0 | |a Maquinaria para el procesamiento de cosechas |
| 300 | |a 161 p | ||
| 942 | |c BK | ||
| 945 | |d 19980123 00:00:00 |a jquezada | ||
| 260 | |a San José |b IICA |c 1986 | ||
| 650 | 0 | |a Maquinaria |9 260482 | |
| 650 | 7 | |a INSUMOS AGRICOLAS |2 CL-VaPUC |9 326401 | |
| 650 | 0 | |a Ingeniería agrícola |9 401851 | |
| 650 | 0 | |a Cereales |9 264300 | |
| 650 | 7 | |a FORRAJERAS |2 CL-VaPUC |9 394505 | |
| 650 | 0 | |a Cultivos |9 264356 | |
| 650 | 0 | |a Cosecha |9 259688 | |
| 583 | |a last modification |c 19980123 00:00:00 |k Rodrigo Vera | ||
| 490 | 0 | |a Libros y Materiales Educativos, 77 | |
| 999 | |c 266175 |d 266173 | ||